Botánica de los cultivos tropicales /

Guardado en:
Autor Principal: León, Jorge.
Autor Corporativo: Instituto Interamericano de Cooperación para la Agricultura.
Formato: Libro
Idioma:Spanish
Publicado: San José, Costa Rica : IICA, 1987.
Edición:2a ed. rev. y aum.
Series:Serie de libros y materiales educativos ; nº 84
Acceso en línea:Acceso a texto completo
Etiquetas: Agregar Etiqueta
Sin Etiquetas, Sea el primero en etiquetar este registro!
LEADER 00798nam a22002175a 4500
001 EEA.libagro004237
008 130809s1987####cr#a##########000#0#spa#d
005 20200405132806.0
245 1 0 |a Botánica de los cultivos tropicales /  |c Jorge León. 
250 |a 2a ed. rev. y aum. 
260 |a San José, Costa Rica :  |b IICA,  |c 1987. 
300 |a xxi, 445 p. :  |b il. ;  |c 24 cm. 
490 1 |a Serie de libros y materiales educativos ;  |v nº 84 
530 |a Disponible también en línea 
020 |a 9290391324 
100 1 |a León, Jorge. 
710 2 |a Instituto Interamericano de Cooperación para la Agricultura. 
082 0 4 |a 581.9093 
082 0 4 |a 631.50913 
856 |3 Acceso a texto completo  |u http://orton.catie.ac.cr/repdoc/A9791E/A9791E.PDF 
859 |a AR-BbBCA  |b BIB. AGRONOMIA  |h 581.9093  |i L579  |p 1989/1478